书目信息 |
| 题名: |
中国传统建筑的智慧传承
|
|
| 作者: | 王军 编著 | |
| 分册: | ||
| 出版信息: | 北京 中国建筑工业出版社 2024.08 |
|
| 页数: | 149页 | |
| 开本: | 26cm | |
| 丛书名: | ||
| 单 册: | ||
| 中图分类: | TU-092.2 , TU-092 | |
| 科图分类: | ||
| 主题词: | 古建筑--gu jian zhu--建筑艺术--中国--普及读物 | |
| 电子资源: | ||
| ISBN: | 978-7-112-29904-1 | |
| 000 | 00994nam0 2200265 450 | |
| 001 | 94435 | |
| 005 | 20250820143115.91 | |
| 010 | @a978-7-112-29904-1@dCNY138.00 | |
| 100 | @a20240909d2024 em y0chiy50 ea | |
| 101 | 0 | @achi |
| 102 | @aCN@b110000 | |
| 105 | @aa a 000yy | |
| 106 | @ar | |
| 200 | 1 | @a中国传统建筑的智慧传承@Azhong guo chuan tong jian zhu de zhi hui chuan cheng@f王军 ... [等] 编著 |
| 210 | @a北京@c中国建筑工业出版社@d2024.08 | |
| 215 | @a149页@c图 (部分彩图)@d26cm | |
| 304 | @a题名页题其余责任者: 吕成, 徐健生, 魏佩娜, 贾俊明, 胡楠 | |
| 320 | @a有书目 (第147页) | |
| 330 | @a本书对中国传统建筑的智慧论述包括古代理想人居环境的基本模式、天人合一的宇宙自然观及宗法礼制的影响, 通过理论、实例、分析相结合的模式, 着重阐释了中国传统建筑的文化内涵。 | |
| 606 | 0 | @a古建筑@Agu jian zhu@x建筑艺术@y中国@j普及读物 |
| 690 | @aTU-092.2@v5 | |
| 690 | @aTU-092@v4 | |
| 701 | 0 | @a王军@Awang jun@4编著 |
| 801 | 0 | @aCN@c20250909 |
| 905 | @a河南城建学院图书馆@dTU-092@eW235@f3 | |
| 中国传统建筑的智慧传承/王军 ... [等] 编著.-北京:中国建筑工业出版社,2024.08 |
| 149页:图 (部分彩图);26cm |
| ISBN 978-7-112-29904-1:CNY138.00 |
| 本书对中国传统建筑的智慧论述包括古代理想人居环境的基本模式、天人合一的宇宙自然观及宗法礼制的影响, 通过理论、实例、分析相结合的模式, 着重阐释了中国传统建筑的文化内涵。 |
| ● |
| 相关链接 |
|
|
|
正题名:中国传统建筑的智慧传承
索取号:TU-092/W235
 
预约/预借
| 序号 | 登录号 | 条形码 | 馆藏地/架位号 | 状态 | 备注 |
| 1 | 1628481 | 216284811 | 建筑库101/101建筑库 5排4列1层/ [索取号:TU-092/W235] | 在馆 | |
| 2 | 1628482 | 216284820 | 建筑库101/101建筑库 5排4列1层/ [索取号:TU-092/W235] | 在馆 | |
| 3 | 1628483 | 216284839 | 建筑库101/101建筑库 5排4列1层/ [索取号:TU-092/W235] | 在馆 |